00894nam a2200289 a 4500003000900000005001700009008004100026040001300067100002100080245002900101250002500130260003100155300001100186490001500197500015100212650002500363650001100388650002100399650002300420650002200443650002600465650001600491651002900507653002600536653002700562655001500589AR-BaBNM20251128204759.0082120s2002 ||||||||||||||000 | spa|| cAR-BaBNM1 aSucre, Guillermo00aBorges, el poetabensayo a2ª ed. aum. y corr. aCaracasbMonte Avilac1974 a157 p. 0aLetra viva aContiene índice bibliográfico en p. 155-157 que incluye obras de Jorge Luis Borges, obras publicadas en colaboración y estudios sobre Borges 4aLITERATURA ARGENTINA 4aPOESIA 4aESTILO LITERARIO 4aANALISIS LITERARIO 4aCRITICA LITERARIA 4aLITERATURA DE FICCION 4aIMAGINACION 4aBuenos Aires [Provincia] aLITERATURA FANTASTICA aVANGUARDIAS LITERARIAS aLITERATURA